Electrical and electronic principles and technology (Record no. 11843)

000 -LEADER
fixed length control field 00399nam a22001577a 4500
020 ## - INTERNATIONAL STANDARD BOOK NUMBER
International Standard Book Number 9780080890562
082 ## - DEWEY DECIMAL CLASSIFICATION NUMBER
Classification number 621.3 BIR
100 ## - MAIN ENTRY--PERSONAL NAME
Personal name Bird, John,
245 ## - TITLE STATEMENT
Title Electrical and electronic principles and technology
250 ## - EDITION STATEMENT
Edition statement 4th ed.
260 ## - PUBLICATION, DISTRIBUTION, ETC.
Place of publication, distribution, etc. New York
Name of publisher, distributor, etc. Routledge
Date of publication, distribution, etc. 2010
300 ## - PHYSICAL DESCRIPTION
Extent ix, 427p. :
Accompanying material 27 cm
650 ## - SUBJECT ADDED ENTRY--TOPICAL TERM
Topical term or geographic name entry element Electrical engineering
700 ## - ADDED ENTRY--PERSONAL NAME
Personal name John Bird
942 ## - ADDED ENTRY ELEMENTS (KOHA)
Koha item type Book
Holdings
Withdrawn status Lost status Damaged status Not for loan Collection code Permanent Location Current Location Shelving location Date acquired Source of acquisition Cost, normal purchase price Total Checkouts Full call number Barcode Date last seen Date last checked out Price effective from Koha item type
          Central Library (CL) Central Library (CL) General Stacks 05/08/2013 Allied Book Company 3190.50 3 621.3 BIR SEECS012342 06/29/2022 03/29/2022 05/15/2013 Book
© 2023 Central Library, National University of Sciences and Technology. All Rights Reserved.